| Tag |
First Indicator |
Second Indicator |
Subfields |
| LEADER |
00000cam a2200000Ia 4500 |
| 001 |
in00003270713 |
| 005 |
20210312122338.0 |
| 006 |
m o d f |
| 007 |
cr c|||||||||| |
| 008 |
130419s2013 coua ob f000 0 eng d |
| 035 |
|
|
|a (OCoLC)ocn840114341
|
| 040 |
|
|
|a SOE
|b eng
|c SOE
|d SOE
|d OCLCO
|d GPO
|d MvI
|
| 049 |
|
|
|a WWW
|
| 074 |
|
|
|a 0429-A-90 (online)
|
| 086 |
0 |
|
|a E 1.177:DOE/GO-102013-3718
|
| 088 |
|
|
|a DOE/GO-102013-3718
|
| 100 |
1 |
|
|a Kośny, Jan.
|
| 245 |
1 |
0 |
|a Cold climate building enclosure solutions /
|c prepared byJan Kosny, Ali Fallahi, and Nitin Shukla, Fraunhofer CSE.
|
| 264 |
|
1 |
|a Golden, CO :
|b U.S. Dept. of Energy, Energy Efficiency & Renewable Energy, Building Technologies Program,
|c 2013.
|
| 300 |
|
|
|a 1 online resource (ix, 56 pages) :
|b color illustrations
|
| 336 |
|
|
|a text
|b txt
|2 rdacontent
|
| 337 |
|
|
|a computer
|b c
|2 rdamedia
|
| 338 |
|
|
|a online resource
|b cr
|2 rdacarrier
|
| 500 |
|
|
|a Title from title screen (viewed on Apr. 19, 2013).
|
| 500 |
|
|
|a "Prepared for the National Renewable Energy Laboratory on behalf of the U.S. Department of Energy's Building America Program, Office of Energy Efficiency and Renewable Energy."
|
| 500 |
|
|
|a "January 2013."
|
| 500 |
|
|
|a "NREL technical monitor: Chuck Booten."
|
| 500 |
|
|
|a "DOE/GO-102013-3718"--P. [66].
|
| 504 |
|
|
|a Includes bibliographical references (pages 20-21).
|
| 500 |
|
|
|a "Prepared under subcontract no. KNDJ-0-40345-00."
|
| 536 |
|
|
|b DE-AC36-08GO28308
|
| 650 |
|
0 |
|a Dwellings
|x Insulation.
|
| 650 |
|
0 |
|a Dwellings
|x Retrofitting.
|
| 650 |
|
0 |
|a Insulation (Heat)
|
| 651 |
|
0 |
|a Cold regions.
|
| 700 |
1 |
|
|a Fallahi, Ali.
|
| 700 |
1 |
|
|a Shukla, Nitin.
|
| 710 |
2 |
|
|a Fraunhofer CSE.
|
| 710 |
2 |
|
|a Building Technologies Program (U.S.)
|
| 710 |
2 |
|
|a Building America (Program : U.S.)
|
| 710 |
2 |
|
|a National Renewable Energy Laboratory (U.S.)
|
| 856 |
4 |
0 |
|u https://purl.fdlp.gov/GPO/gpo37439
|t 0
|
| 856 |
4 |
0 |
|u http://purl.fdlp.gov/GPO/gpo37439
|t 0
|
| 999 |
f |
f |
|s c768922e-5e05-3797-9c00-cc9c53d10bb6
|i 4756ab6c-d4c4-3564-ae6b-a184d0e48533
|t 0
|
| 952 |
f |
f |
|a Texas A&M University
|b College Station
|c Electronic Resources
|d Available Online
|t 0
|e E 1.177:DOE/GO-102013-3718
|h Superintendent of Documents classification
|
| 998 |
f |
f |
|a E 1.177:DOE/GO-102013-3718
|t 0
|l Available Online
|